Občianske politické strany na Slovensku v rokoch 1944-1948

Bibliographic Details
Main Author: Šutaj, Štefan, 1954- (Author)
Format: Book
Language:Slovak
PhysicalDescription:308 s. tab. 21 cm
Published: Bratislava Veda 1999
ISBN:8022405833
Subjects:

MARC

LEADER 00000nam a2200000 a 4500
001 vtls001375080
003 SK-MaSNL
005 20260302071401.0
008 240318s1999 xo ap r 0yy slo
015 |a SNBA1999/12-04728 
020 |a 8022405833 
035 |a SNK000328978 
035 |a urn:nbn:sk:snk-amkk7l 
035 |a urn:nbn:sk:snk-am008i2p 
035 |a F8AFC9D1-263E-42E3-8AE3-8ED2A4E33403 
040 |a SNK  |b slo  |c SNK  |e AACR2 
041 0 |a slo 
044 |a xo  |c SK 
080 |a 329(437.6)"1944/1948"  |2 1981 
100 1 |a Šutaj, Štefan,  |d 1954-  |4 aut  |9 102539 
245 1 0 |a Občianske politické strany na Slovensku v rokoch 1944-1948  |c Štefan Šutaj 
260 |a Bratislava  |b Veda  |c 1999 
300 |a 308 s.  |b tab.  |c 21 cm 
504 |a Bibliogr. s. 288-292. Res. angl. 
650 0 7 |a strany politické občianske  |z Slovensko  |y 1944-1948  |2 SNK  |9 733056 
655 7 |a príručky  |2 SNK  |9 74364 
919 |a 80-224-0583-3 
958 |a TL 
958 |a NB 
999 |c 1151821  |d 1153751 
952 |t P60, <03>, [BOOK], {603}  |a SNK  |b SNK  |y PREZ  |7 0  |p 17A0214622  |o snkSC 99894  |i snkKSP 10348/99  |0 0  |1 0  |4 0  |d 1999-10-20  |f 1  |l 0  |r 2025-09-19 00:00:00  |w 2026-02-24 
952 |t snkŠUT 329(437.6)   |a SNKUST  |b SNKUST  |y PREZ  |7 0  |p 17A0214623  |o snkSC 99894 D1  |i snkKSP 10349/99  |8 0  |0 0  |1 0  |4 0  |d 1999-10-20  |l 0  |r 2025-05-30 00:00:00  |w 2026-02-24